Minimalizácia alebo modernizácia štátu historická retrospektíva a aktuálne výzvy ľudskej civilizácie

Salvato in:
Dettagli Bibliografici
Autore principale: Šikula, Milan
Natura: Libro
Lingua:slovacco
Pubblicazione: Bratislava Wolters Kluwer 2017
Edizione:1. vydanie
Serie:Ekonómia
Soggetti:
Tags: Aggiungi Tag
Nessun Tag, puoi essere il primo ad aggiungerne!!

MARC

LEADER 00000nam a2200000 4500
001 0241925
005 20240221113008.4
020 |a 978-80-8168-694-8 
041 0 |a slo 
044 |a SK 
245 1 0 |a Minimalizácia alebo modernizácia štátu  |b historická retrospektíva a aktuálne výzvy ľudskej civilizácie  |c Milan Šikula 
250 |a 1. vydanie 
264 1 |a Bratislava  |b Wolters Kluwer  |c 2017 
300 |a 151 s. 
490 1 |a Ekonómia 
830 0 |a Ekonómia 
610 2 0 |a štát 
610 2 0 |a vývoj 
610 2 0 |a kríza hospodárska 
610 2 0 |a neoliberalizmus 
610 2 0 |a globalizácia 
610 2 0 |a vláda 
610 2 0 |a konkurencieschopnosť 
610 2 0 |a konkurencia medzinárodná 
610 2 0 |a adaptácia 
610 2 0 |a štát sociálny 
610 2 0 |a rozdeľovanie 
610 2 0 |a hazard morálny 
610 2 0 |a ekonomika nová 
610 2 0 |a politika finančná 
610 2 0 |a rozpory hospodárske 
610 2 0 |a integrácia ekonomická medzinárodná 
610 2 0 |a multilateralita 
610 2 0 |a revolúcia priemyselná 
610 2 0 |a paradigma 
610 2 0 |a modernizácia 
610 2 0 |a Európa 
100 1 |a Šikula, Milan